| 000 | 00365nam a2200133 i 4500 | ||
|---|---|---|---|
| 001 | bg | ||
| 245 | 0 | _aTechnik Wörterbuch. Mechanik. Festig keitslehre Werkstoffe. Englisch-Deutsch. Deutsch-Englisch. | |
| 250 | _a2 durchgesehene Auflage. | ||
| 260 |
_aBerlin, _c1965. |
||
| 040 | _cBPK | ||
| 041 | _apol | ||
| 942 | _cKS | ||
| 008 | s pl f |000 0 pol | ||
| 999 |
_c9042 _d9042 |
||
| 856 |
_uhttp://koha.tu.koszalin.pl/cgi-bin/koha/opac-detail.pl?biblionumber=9042 _yKatalog online BPK |
||